000 00274nam a2200121Ia 4500
100 _aIntel
942 _cBK
654 _aintel
245 _a80386:Hardware reference manual
260 _bIntel Publication
_aSantacruz
_c1987
082 _a621.281953
_bINT
546 _aENGLISH
999 _c30041
_d30041